000
00312nam a22001457a 4500
008
210224b ||||| |||| 00| 0 eng d
020
_a
9788776886653
041
_a
alb
080
_a
159.9
082
_a
159.9
100
_a
48
101
_a
PSI
245
_a
Bazat e Mendimit
_c
Hubbard,L.R
942
_2
udc
_c
BK
999
_c
55117
_d
55117